Kader der deutschen Handball-Nationalmannschaft 2026 - Statistiken

Allgemein
  • Dieses Quiz wurde 181 mal gespielt
  • Das Durchschnittsergebnis liegt bei 15 aus 18
Antwortstatistiken
Nr. Position Mannschaft Spieler % Korrekt
33 Tor THW Kiel Andreas Wolff
97%
1 Tor Rhein-Neckar Löwen David Späth
96%
15 Rückraum Mitte Aalborg Haandbold Juri Knorr
95%
4 Kreis SG Flensburg-Handewitt Johannes Golla
93%
54 Kreis TSV Hannover-Burgdorf Justus Fischer
93%
80 Kreis Rhein-Neckar Löwen Jannik Kohlbacher
91%
18 Rückraum Mitte VfL Gummersbach Julian Köster
91%
36 Linksaußen SC Magdeburg Lukas Mertens
89%
3 Rückraum Mitte Füchse Berlin Nils Lichtlein
87%
23 Rückraum Rechts TSV Hannover-Burgdorf Renars Uscins
85%
17 Rechtsaußen THW Kiel Lukas Zerbe
83%
5 Rückraum Links VfL Gummersbach Miro Schluroff
78%
34 Linksaußen THW Kiel Rune Dahmke
78%
71 Rückraum Links SG Flensburg-Handewitt Marko Grgic
70%
32 Rückraum Rechts SC DHfK Leipzig Franz Semper
66%
30 Rückraum Links VfL Gummersbach Tom Kiesler
65%
14 Rechtsaußen VfL Gummersbach Mathis Häseler
62%
13 Rückraum Links Füchse Berlin Matthes Langhoff
59%
Keine übereinstimmenden Quizze gefunden
Verteilung der Resultate
Anzahl Personen mit jedem Resultat
Perzentil nach korrekt beantworteten Fragen
Ihre Resultats-Entwicklung
Sie haben dieses Quiz noch nicht gespielt